Demographic Change in Japan and the EU : Comparative Perspectives.

Bibliographic Details
Main Author: Schad-Seifert, Annette.
Other Authors: Shimada, Shingo.
Format: eBook
Language:English
Published: Düsseldorf : Walter de Gruyter GmbH, 2010.
Subjects:
Online Access:Click to View
LEADER 01389nam a22003253i 4500
001 EBC7158283
003 MiAaPQ
005 20231204023228.0
006 m o d |
007 cr cnu||||||||
008 231204s2010 xx o ||||0 eng d
020 |a 9783110720044  |q (electronic bk.) 
035 |a (MiAaPQ)EBC7158283 
035 |a (Au-PeEL)EBL7158283 
040 |a MiAaPQ  |b eng  |e rda  |e pn  |c MiAaPQ  |d MiAaPQ 
100 1 |a Schad-Seifert, Annette. 
245 1 0 |a Demographic Change in Japan and the EU :  |b Comparative Perspectives. 
264 1 |a Düsseldorf :  |b Walter de Gruyter GmbH,  |c 2010. 
264 4 |c {copy}2010. 
300 |a 1 online resource (234 pages) 
336 |a text  |b txt  |2 rdacontent 
337 |a computer  |b c  |2 rdamedia 
338 |a online resource  |b cr  |2 rdacarrier 
588 |a Description based on publisher supplied metadata and other sources. 
590 |a Electronic reproduction. Ann Arbor, Michigan : ProQuest Ebook Central, 2023. Available via World Wide Web. Access may be limited to ProQuest Ebook Central affiliated libraries.  
655 4 |a Electronic books. 
700 1 |a Shimada, Shingo. 
776 0 8 |i Print version:  |a Schad-Seifert, Annette  |t Demographic Change in Japan and the EU  |d Düsseldorf : Walter de Gruyter GmbH,c2010 
797 2 |a ProQuest (Firm) 
856 4 0 |u https://ebookcentral.proquest.com/lib/matrademy/detail.action?docID=7158283  |z Click to View